[Event "EU-ch 2nd"]
[Site "Ohrid"]
[Date "2001.06.09"]
[Round "8"]
[White "Nielsen, Peter Heine"]
[Black "Aronian, Levon"]
[Result "1-0"]
[WhiteElo "2585"]
[BlackElo "2528"]
[Annotator "Krasenkow,M"]
[PlyCount "151"]
[EventDate "2001.06.01"]
[EventType "swiss"]
[EventRounds "13"]
[EventCountry "YUG"]
[SourceTitle "CBM 084"]
[Source "ChessBase"]
[SourceDate "2001.09.13"]
[SourceVersion "1"]
[SourceVersionDate "2001.09.13"]
[SourceQuality "1"]

1. d4 Nf6 2. c4 g6 3. Nc3 d5 4. cxd5 Nxd5 5. e4 Nxc3 6. bxc3 Bg7 7. Be3 c5 8.
Qd2 cxd4 9. cxd4 Nc6 10. Rd1 Bg4 11. Be2 Bxe2 12. Nxe2 Na5 {This line was
discussed in detail in CBM69 and CBM75.} 13. Rc1 $1 {[%mdl 8] An important
improvement, comparing to the following game:} (13. Qb4 O-O 14. O-O b6 15. d5
Qd6 16. Qb5 Qe5 17. Rd4 Qb8 18. Ra4 Rc8 19. Nd4 Rc5 20. Qd7 Rc7 21. Qb5 Qc8 22.
h3 Rc5 23. Qb1 Qd7 24. Rb4 Rac8 25. Nc6 Nxc6 26. Bxc5 Nxb4 27. Bxb4 Bc3 28. Rc1
Bxb4 29. Rxc8+ Qxc8 30. Qxb4 Qc1+ {1/2-1/2 Lputian,S-Kasparov,G/Wijk aan Zee
2000/CBM 75 (30)}) 13... b5 14. Qb4 a6 15. a4 Nc4 16. axb5 Nxe3 17. fxe3 Rb8
18. Qc3 axb5 {Black has restored the material balance, at the price of
strengthening the white centre (f2xe3).} 19. Qc6+ Qd7 20. Kd2 Qxc6 21. Rxc6 O-O
$6 {Removing the king from the centre.} (21... Kd7 {looks more logical, e.g.}
22. Rhc1 Rb7 23. Nf4 Rhb8 24. Nd5 (24. Nd3 e6 (24... b4 $5 25. Ra6 Kd8) 25. Ra6
Bf8 {firmly defending.}) 24... e6 25. Nb4 Ra8 {[%cal Yg7f8]}) 22. Rb1 Rfd8 23.
Kd3 e6 (23... Rb7 $5) 24. Rc7 b4 25. Rf1 Rf8 26. Ra1 Ra8 27. Rca7 {After the
exchange of one pair of rooks the white king can take more active part in the
struggle.} Rxa7 28. Rxa7 Rb8 29. Ra1 Bf8 30. e5 b3 $2 {Black doesn't want to
defend passively but this pawn will be much weaker on b3 or b2 than on b4. He
should rather keep the pawn on b4 and rook on c8 (if Rc1 then ...Ra8 with
counterplay), although White maintained winning chances anyway.} 31. Rb1 Ba3
32. Nc3 h5 33. Ne4 b2 34. Nd2 h4 {Black desperately tries to create
counterplay. In vain...} 35. h3 g5 36. Nc4 g4 $2 {Now Black will be two pawns
down in a rook endgame. However, after} (36... Kg7 37. Kc3 Be7 (37... Bb4+ 38.
Kc2) 38. Rxb2 {, with minor pieces on the board, White should win, too.}) 37.
hxg4 ({Black probably hoped for} 37. Kc3 gxh3 38. gxh3 Be7 39. Rxb2 Ra8 {
then attacking the h3 pawn.}) 37... Ra8 38. Ke4 Kg7 39. Nxa3 Rxa3 40. Rxb2 Ra1
41. Rf2 Rg1 42. g5 h3 43. gxh3 Rxg5 44. Rh2 Rg1 45. h4 Rg3 46. h5 Rg1 47. h6+
Kg8 48. h7+ Kh8 49. Kd3 Rg3 50. Rh4 Rf3 51. Ke2 Rg3 52. Kd3 Rf3 53. Rf4 Rh3 54.
d5 {Of course, not} (54. Rxf7 $4 Rxe3+ $1) 54... exd5 55. Rxf7 Rh6 56. Kd4 Ra6
57. Re7 Ra7 58. Re8+ Kxh7 59. e6 Kg7 60. Ke5 Ra3 61. Kd6 Rxe3 {[%mdl 4096]
Black defends very tenatively but his position is lost anyway. It is
interesting that his own pawn safely protects the white king from checks.} 62.
e7 d4 63. Rf8 d3 64. Rf2 Re4 65. Rg2+ Kf7 66. Rf2+ Kg7 {Now White should pass
the turn to move to the opponent.} 67. Kd7 $1 Rd4+ 68. Kc6 Re4 69. Kd6 {
Zugzwang!} Kg6 (69... Kg8 70. Kd7 Rd4+ 71. Ke6 Re4+ 72. Kf6 Re1 73. Rg2+ Kh7
74. Rd2 $18) 70. Kd7 Rd4+ 71. Kc6 Re4 72. Kd7 Rd4+ 73. Ke8 $1 Rh4 (73... d2 74.
Kf8 $18) (73... Kg7 74. Rg2+ Kh7 75. Kf7 Rf4+ 76. Ke6 Re4+ 77. Kf6 $1 Rf4+ (
77... Kh8 78. Rd2 $18) 78. Ke5 Rf1 79. Kd6 $18) 74. Rf3 $1 Re4 (74... d2 75.
Rd3) 75. Rxd3 Kf6 76. Kf8 1-0

[Event "EU-ch 2nd"]
[Site "Ohrid"]
[Date "2001.06.12"]
[Round "11"]
[White "Van Wely, Loek"]
[Black "Sutovsky, Emil"]
[Result "1/2-1/2"]
[WhiteElo "2670"]
[BlackElo "2604"]
[Annotator "Krasenkow,M"]
[PlyCount "82"]
[EventDate "2001.06.01"]
[EventType "swiss"]
[EventRounds "13"]
[EventCountry "YUG"]
[SourceTitle "CBM 084"]
[Source "ChessBase"]
[SourceDate "2001.09.13"]
[SourceVersion "1"]
[SourceVersionDate "2001.09.13"]
[SourceQuality "1"]

1. d4 Nf6 2. c4 g6 3. Nc3 d5 4. Nf3 Bg7 5. cxd5 Nxd5 6. e4 Nxc3 7. bxc3 c5 8.
Be3 Qa5 9. Qd2 Nc6 10. Rc1 cxd4 11. cxd4 Qxd2+ 12. Kxd2 O-O 13. d5 Rd8 14. Ke1
Na5 15. Bg5 Bd7 16. Bd3 Rdc8 17. Ke2 e6 18. Be3 exd5 19. exd5 {We examined
this line in detail in CBM83.} a6 $5 {An interesting move looking sufficient
for equality.} 20. Bb6 Re8+ 21. Kd2 Bh6+ 22. Be3 (22. Kc2 {doesn't work
because of} Rec8+ $1 23. Kb2 Bxc1+ 24. Rxc1 Rxc1 25. Kxc1 Bb5 $1 {and Black
keeps his extra exchange.}) 22... Bf8 $1 $146 {[%mdl 8] An important novelty.
After} (22... Bxe3+ $6 23. fxe3 {White's strong pawn centre brings him a big
advantage, e.g.} Bb5 24. e4 Rad8 25. Nd4 f5 26. Nxb5 axb5 27. Rhe1 fxe4 28.
Rxe4 Nc4+ 29. Kc3 Rxe4 30. Bxe4 Kf7 31. Kd4 {1-0 Graf,A-Schaefer,M/Bad
Woerishofen 2001/CB16 (51)}) 23. Ng5 $2 {This attempt to "punish" Black fails.}
(23. Rb1 $5 {preventing both 23...Bb4 and 23...Bb5, deserves further
investigation.} Bg4 $5) 23... Bb5 {[%csl Rd5]} 24. Rc7 Rad8 (24... Bxd3 25.
Kxd3 Rad8 {was quite strong, too, as White loses his d5 pawn. However, Black
wants to have the c4 square for his knight.}) 25. Bxb5 axb5 26. Nxf7 Rxd5+ 27.
Kc2 Rf5 28. Nh6+ Bxh6 29. Bxh6 Rxf2+ 30. Kc3 Rxg2 {The question is now whether
Black will be able to free his king and then realize his material advantage.}
31. Rg7+ Kh8 32. Rc7 {[%cal Yh1e1]} Nc6 33. Re1 Ra8 34. Bg7+ Kg8 35. Kb3 Rxh2
$2 ({If} 35... b4 $5 {then} 36. a4 $1 (36. Ba1 Ra3+ 37. Kc4 Rc2+ 38. Kd5 Ra5+
39. Kd6 Rd2+ 40. Ke6 Nd8+ 41. Ke7 Ra8 $19) 36... bxa3 $2 37. Bc3 $11) (35...
Rf2 {/\36...Rf7 was probably the most accurate, after which White should not
survive, e.g.} 36. Rd1 b4 (36... Rf7 $143 37. Rdd7) 37. Rdd7 (37. a4 bxa3 38.
Bc3 Rf7 39. Rdd7 Rxd7 40. Rxd7 b5 $19) 37... Ra3+ 38. Kc4 Rc2+ 39. Kb5 Ra5+ 40.
Kb6 Ra6+ 41. Kxb7 Ra7+ 42. Kb6 Rxc7 43. Rxc7 Rxa2 $1 44. Bf6 b3 45. Rg7+ Kf8
46. Rxh7 Nb4 $1 $19) 36. Bc3 {Now Black's exposed king can't escape checks.}
Rhxa2 ({Or} 36... b4 37. Rg7+ Kh8 38. Bf6 h5 39. Rxg6+ Kh7 40. Rg7+ Kh6 41. Re6
{etc.}) 37. Bb2 (37. Rg7+ Kf8 38. Rf1+ Ke8 39. Re1+ {was already a perpetual as
} Kd8 $4 {was impossible because of} 40. Bf6+) 37... R2a4 ({Of course, after} 
37... Rxb2+ 38. Kxb2 {, with his king cut off, Black has no winning chances
either.}) 38. Rg7+ Kh8 39. Rd7+ Kg8 40. Rg7+ Kh8 41. Rd7+ Kg8 1/2-1/2

[Event "Kiev Trudova Ukraina"]
[Site "Kiev"]
[Date "2001.01.28"]
[Round "10"]
[White "Malakhatko, Vadim"]
[Black "Shishkin, Vadim"]
[Result "1-0"]
[WhiteElo "2513"]
[BlackElo "2485"]
[Annotator "Krasenkow,M"]
[PlyCount "47"]
[EventDate "2001.01.19"]
[EventType "tourn"]
[EventRounds "10"]
[EventCountry "UKR"]
[EventCategory "11"]
[SourceTitle "CBM 082"]
[Source "ChessBase"]
[SourceDate "2001.05.17"]
[SourceVersion "1"]
[SourceVersionDate "2001.05.17"]
[SourceQuality "1"]

1. d4 Nf6 2. c4 g6 3. Nc3 d5 4. cxd5 Nxd5 5. e4 Nxc3 6. bxc3 Bg7 7. Bb5+ Bd7 8.
Be2 c5 9. Nf3 cxd4 10. cxd4 Bc6 11. Qd3 f5 12. exf5 Qa5+ 13. Bd2 Qxf5 {About
this line - see CBM33.} 14. Qe3 {The endgame doesn't promise White any benefit:
} (14. Qxf5 gxf5 15. O-O (15. Rc1 Bd5 16. Rc5 (16. Bc4 Bxf3 17. gxf3 Nc6 18. d5
Nd4 19. Be3 Rc8 $1 20. O-O Kd7 $1 21. f4 b5 22. Bd3 Kd6 23. Rfd1 a6 24. Rb1 $10
{Aseev,K-Mikhalchishin,A/Brno-B (11)/1991/}) (16. Ne5 O-O 17. Bc4 Bxc4 18. Rxc4
Nc6 19. Nxc6 bxc6 20. Ke2 Rad8 21. Bc3 Rf6 22. Rb1 Rfd6 23. Ke3 c5 24. Rxc5
Rxd4 25. Ke2 Re4+ 26. Kf1 Bxc3 27. Rxc3 Kf7 28. Re1 {1/2-1/2 Blees,A-Ernst,T/
Wijk aan Zee 1992/CBM 33 ext (28)}) 16... e6 17. Rc7 (17. Bc4 Bxc4 18. Rxc4 Nc6
19. O-O O-O 20. Rb1 Rf7 21. Re1 Rd7 22. Rxe6 Nxd4 $11 {1-0 Dautov,R-Luecke,N/
Garmisch Partenkirchen 1991/EXT 2000 (43)}) 17... O-O 18. O-O Nc6 19. Rxb7 Rab8
(19... Rfb8 20. Ba6 Rxb7 21. Bxb7 Rb8 {1/2-1/2 Sokolov,I-Ftacnik,L/Haninge
1989/CBM 13 (21)}) 20. Rxb8 Rxb8 21. Bc3 Bxa2 22. Ne5 Rc8 23. Ra1 Bd5 24. Ba6
Rc7 $15 {Yakovich,Y-Wegner,H/Belgorod/1991/}) (15. Ne5 Bxe5 (15... Bd5 16. Bh5+
Kf8 17. O-O Nc6 18. Rfe1 Rd8 19. Bg5 $14 {1/2-1/2 Correa,A-Tsuboi,E/Curitiba
1992/EXT 2000 (61)}) 16. dxe5 Bxg2 17. Rg1 Bd5 $13) (15. Bf4 $5 {has not been
tried yet.}) 15... Bd5 16. Ne5 (16. Rab1 Nc6 17. Bf4 O-O 18. Rb5 {1-0 Shishkin,
V-Michalski,O/Polanica Zdroj 1996/EXT 98 (48)} Bxf3 19. Bxf3 Nxd4 20. Rxb7
Nxf3+ 21. gxf3 e5 $11) 16... O-O (16... Bxe5 17. dxe5 Rg8 18. f3 Nc6 19. Bc3
Kd7 (19... O-O-O 20. a4 Be6 21. Rfb1 Nd4 22. Bd1 Rd7 23. Rb2 Rgd8 24. Ba5 $14 {
1-0 Ehlvest,J-Benjamin,J/New York 1993/CBM 35 (55)}) 20. Rfd1 Ke6 21. Rab1 Rgd8
22. Rd2 Rac8 23. f4 Nb8 24. Bb4 Nc6 25. g4 Nxb4 26. Rxb4 Be4 27. Rxd8 Rxd8 28.
Bc4+ Bd5 29. Bxd5+ Rxd5 30. gxf5+ {1/2-1/2 Shariyazdanov,A-Jelen,I/Medulin
1997/EXT 99 (30)}) 17. Rfd1 Nc6 18. Nxc6 bxc6 19. Bf4 c5 20. Be5 cxd4 21. Bxg7
Kxg7 22. Rxd4 e6 $11 {Nikolaev,S-Berebora,F/HUN-ch op/Gyor 1990}) 14... O-O ({
After} 14... Qe4 {followed by the exchange ...Qxe3 fxe3 (such modification of
the pawn structure must be favourable for White as he gets rid of his isolated
pawn) it is still difficult for White to prove his advantage:} 15. O-O Qxe3 16.
fxe3 Bf6 (16... Bd5 17. Rac1 Nc6 18. Bc4 Bxc4 19. Rxc4 Kd7 20. Rb1 Rhb8 21. d5
Ne5 22. Rh4 h5 23. Nxe5+ Bxe5 24. Re4 Bf6 25. Re6 $14 {1/2-1/2 Ulibin,
M-Shishkin,V/Bydgoszcz 2000/CBM 76 ext (43)}) 17. Bc4 (17. Bd3 $5 {[%cal Ye3e4]
}) 17... Nd7 18. d5 Ba4 19. Rab1 Nb6 20. Rb4 (20. Bb5+ Bxb5 21. Rxb5 Rc8 $132)
20... Nxc4 21. Rxa4 b5 22. Ra6 Rd8 $132 {0-1 Schuh,R-Floeter,F/Germany 1995/
GER (31)}) (14... Bxf3 {is quite a bold decision although Black equalized in
the following game:} 15. Bxf3 Nc6 16. O-O O-O 17. Bc3 (17. Be4 $5 $14) 17...
Rad8 18. Rad1 Qf6 19. Bxc6 Qxc6 20. Bb4 Rf7 $6 (20... Rfe8 $142) 21. Rfe1 $6 (
21. Bxe7 Rxd4 22. Rxd4 Bxd4 23. Qxd4 Rxe7 24. Qxa7 $16) 21... Qd5 22. Bxe7 Re8
23. Qa3 Bxd4 24. Bh4 {1/2-1/2 Coelho,L-Tsuboi,E/Brasilia 1999/EXT 2000 (24)}) (
14... Bd5 $5 {is solid enough, e.g.} 15. O-O Nc6 16. Rab1 Qe4 (16... Qd7 {
E.Bareev}) (16... O-O $6 17. Rxb7 Rab8 18. Rxb8 $1 Rxb8 19. Rc1 $1 $14 {
Bareev,E-Gurevich,I/Hastings 1992/93}) 17. Bd3 Qxe3 18. fxe3 O-O 19. Rb5 Rad8
20. a4 a6 21. Rxd5 Rxd5 22. Bc4 e6 23. Bxd5 exd5 24. Rc1 Rd8 25. Kf2 Bf6 26.
Ke2 Kf7 $11 {1-0 Malaniuk,V-Zezulkin,J/Swidnica 1997/EXT 2000 (50)}) 15. O-O
Nd7 $2 {This move enables White to destroy the co=ordination of Black's pieces.
} (15... Bd5 $5 16. Qxe7 $140 Nc6 17. Qc5 (17. Qh4 Rae8 18. Be3 Re4 19. Qg5
Qxg5 20. Nxg5 Nxd4 $1) 17... Rad8 {with an excellent centralized position for
Black.}) 16. Bc4+ (16. Bd3 Qd5 17. Rfc1 Kh8 18. Bc4 Qh5 19. Be2 Qd5 20. Rab1 e5
21. Bc3 Rae8 22. dxe5 Nxe5 23. Rd1 Nxf3+ 24. Bxf3 Rxe3 25. Bxg7+ Kxg7 26. Bxd5
Re2 27. f3 Bxd5 28. Rxd5 b6 $11 {1/2-1/2 Dao Thien Hai-Holzke,F/Budapest 1993/
EXT 97 (38)}) 16... Kh8 {Black is going for a forced line without calculating
it accurately.} (16... Bd5 17. Bxd5+ Qxd5 18. Qxe7 Rxf3 19. gxf3 Bxd4 {looks
formidable but} 20. Bh6 {parries Black's threats, with an advantage for White.}
) 17. Be6 Qh5 18. d5 $1 Bxd5 $2 {This "consequency" doesn't pay off.} (18...
Bb5 $142 19. Bxd7 Bxd7 20. Bc3 $14) 19. Bxd7 Rad8 20. Be6 Bxe6 (20... Bxf3 $142
21. gxf3 Rxf3 22. Qg5 Qxg5+ 23. Bxg5 Bxa1 24. Rxa1 $16 {White is much better
in this endgame, thanks to his pair of bishops; however, the text move loses
instantly.}) 21. Qxe6 Bxa1 (21... Rxf3 22. gxf3 Be5 23. f4 Bxa1 24. Rxa1 Rxd2
25. Qc8+ Kg7 26. Qc3+ e5 27. Qxd2 Qg4+ 28. Kf1 $18) 22. Rxa1 Rxf3 {There is no
other defense from the deadly bishop check.} 23. gxf3 Rxd2 24. Qc8+ {Did Black
overlook this check in his calculations?} (24. Qc8+ Kg7 25. Qc3+ $18) 1-0

[Event "Dos Hermanas-A"]
[Site "Dos Hermanas"]
[Date "2001.04.24"]
[Round "6"]
[White "Illescas Cordoba, Miguel"]
[Black "Krasenkow, Michal"]
[Result "1-0"]
[WhiteElo "2562"]
[BlackElo "2655"]
[Annotator "Krasenkow,M"]
[PlyCount "127"]
[EventDate "2001.04.19"]
[EventType "tourn"]
[EventRounds "9"]
[EventCountry "ESP"]
[EventCategory "16"]
[SourceTitle "CBM 083"]
[Source "ChessBase"]
[SourceDate "2001.07.05"]
[SourceVersion "1"]
[SourceVersionDate "2001.07.05"]
[SourceQuality "1"]

1. d4 Nf6 2. c4 g6 3. Nc3 d5 4. cxd5 Nxd5 5. e4 Nxc3 6. bxc3 Bg7 7. Nf3 c5 8.
Be3 Qa5 9. Qd2 Nc6 10. Rc1 cxd4 11. cxd4 Qxd2+ 12. Kxd2 O-O 13. d5 Rd8 14. Ke1
Na5 15. Bg5 Bd7 16. Bd3 Rdc8 17. Ke2 e6 18. Be3 {This move became very popular
after the famous game Kramnik-Van Wely (see CBM82). In the present game Black
fails to display an improvement.} exd5 19. exd5 Rd8 {Not a very successful
novelty. White now occupies the c-file while keeping the d5 pawn by tactical
means.} (19... b6 20. Ba6 Rd8 21. Rhd1 Ba4 $5 {deserved attention. So far
Black has successfully kept his position:} 22. Rd3 b5 23. Bf4 Nc4 24. Bb7 Bb2
25. Bxa8 Bxc1 26. Bxc1 Rxa8 27. Rd4 (27. d6 f6 28. Bf4 Re8+ 29. Kf1 b4 30. h4
Kf7 31. Rd5 Rc8 32. Nd4 Bd7 33. Ke2 a5 34. Nb3 a4 35. Nc5 $4 Nb6 {0-1 Piket,
J-Van Wely,L/NED 2001/The Week in Chess 337 (35).}) 27... Rc8 28. Bf4 b4 29.
Nd2 Re8+ 30. Kf3 Nxd2+ 31. Rxd2 {1/2-1/2 Malakhatko,V-Ftacnik,L/Herceg Novi
YUG 2001/The Week in Chess 344 (31).}) ({An immediate} 19... Ba4 {is possible,
too:} 20. Rxc8+ Rxc8 21. Bxa7 Rd8 22. Rc1 Bf8 23. Bb6 Rxd5 24. Rc8 Nc6 25. Ra8
Bb5 26. Bxb5 Rxb5 27. Be3 Kg7 28. Nd4 Ra5 {1/2-1/2 Weeks,C-Easton,A/Bristol
1991/EXT 2000 (28).}) ({Finally,} 19... a6 {is quite playable:} 20. Bb6 Re8+
21. Kd2 (21. Kf1 {is harmless as the white rooks remain disconnected, e.g.} Bb5
22. Bxb5 axb5 23. d6 Bf6 24. d7 Rf8 25. Rc2 Nc4 26. Bd4 Bxd4 27. Nxd4 Rfd8 28.
Nxb5 Rxd7 29. g3 Na3 {1/2-1/2 Pridorozhni,A-Yandemirov,V/Tomsk RUS 2001/The
Week in Chess 341 (29).}) 21... Bh6+ 22. Be3 Bf8 $1 ({but not} 22... Bxe3+ 23.
fxe3 {supporting the d5 pawn with an advantage for White, e.g.} Bb5 24. e4 Rad8
25. Nd4 f5 26. Nxb5 axb5 27. Rhe1 fxe4 28. Rxe4 Nc4+ 29. Kc3 Rxe4 30. Bxe4 Kf7
31. Kd4 Ke7 32. Re1 Kd6 33. Bf3 {1-0 Graf,A-Schaefer,M/Bad Woerishofen 2001/
CB16 (51)}) 23. Ng5 Bb5 24. Rc7 Rad8 25. Bxb5 axb5 26. Nxf7 Rxd5+ 27. Kc2 Rf5
28. Nh6+ Bxh6 29. Bxh6 Rxf2+ 30. Kc3 Rxg2 31. Rg7+ Kh8 32. Rc7 Nc6 {1/2-1/2
Van Wely,L-Sutovsky,E/Ohrid MKD 2001/The Week in Chess 345 (41). (41) and it
is Black who is playing for a win}) 20. Rc5 $1 b6 21. Rc7 Bg4 (21... Ba4 22.
Ng5 $1 {is now favourable for White but after the text move White gets a pair
of bishops and a stable advantage.}) 22. h3 Bxf3+ 23. Kxf3 {[%mdl 4096]} (23.
gxf3 $1 {is even better - see I.Sokolov-Krasenkow in this issue.}) 23... Be5
24. Rc2 Rab8 {Quite an awkward move but Black wants to create a threat of
taking on d5.} (24... Rxd5 $4 25. Be4) 25. Ke4 $1 {No prejudice! Black can't
make use of the centralized position of the white king!} f6 (25... Re8 26. Bb5
$1 Re7 27. Kf3 {and}) (25... Bg7 26. Bf4 {are hardly good for Black}) ({if} 
25... Bd6 {then White had different options including} 26. Bb5) {The text move
weakens the e6 square.} 26. f4 (26. Rd1 $5) 26... Bd6 27. Kf3 $2 {A weak move,
after which Black obtains a tactical possibility to equalize.} (27. Bb5 {
was quite good, with a long-term advantage for White.}) 27... Rbc8 $2 {Missing
the chance.} (27... Bc5 $1 28. Bxc5 Rxd5 29. Bxb6 ({or} 29. Bxg6 hxg6) 29...
Rxd3+ 30. Ke2 Ra3 31. Bxa7 Rb4 {and Black shouldn't lose.}) 28. Rxc8 Rxc8 29.
Bd4 Kf7 30. h4 {Besides White's pair of bishops, Black's a5 knight is places
poorly. White starts an unpleasant kingside attack.} Bc5 31. Rc1 Rc7 $2 (31...
Rd8 {doesn't work now as after} 32. Bxc5 Rxd5 33. Ke4 $1 Rxc5 34. Rxc5 bxc5 35.
Kd5 c4 {otherwise, with B vs N in an open position, White must win, too.} 36.
Bxc4 Nxc4 37. Kxc4 {the pawn endgame is winning for White:} Ke6 38. Kb5 Kf5 39.
Ka6 Kxf4 40. Kxa7 Kg3 41. Kb8 $1 Kxg2 42. a4 f5 43. a5 f4 44. a6 f3 45. a7 f2
46. a8=Q+ {promoting the pawn with a check.}) (31... Nb7 $1 32. Ba6 Re8 $1 {
was correct, with good drawing chances after} 33. Bxb7 Bxd4 34. Rc7+ Kg8 35. g3
Re3+ 36. Kg2 Bc5) 32. Ba6 Bd6 $2 {After the exchange of rooks the a5 knight
remains completely cut off and Black's position is hopeless.} ({The rook
endgame after} 32... Nb7 33. Bxb7 Rxb7 34. Bxc5 bxc5 35. Rxc5 {must be winning
for White, too.}) ({Black could continue fighting playing} 32... h5 {although
after} 33. g4 hxg4+ 34. Kxg4 f5+ 35. Kf3 {his position remained very difficult.
}) 33. Rxc7+ Bxc7 34. g4 h6 35. g5 $1 {It is very important to fix Black's
pawn on g6.} hxg5 36. hxg5 fxg5 (36... f5 37. Be5 $18) 37. fxg5 Bb8 38. Bc3 Bd6
39. Ke4 Ba3 40. Bd2 Ke7 41. Ke5 Bd6+ 42. Ke4 Ba3 43. Bf4 b5 {Black must give
up this pawn to get his knight enter the game. Unfortunately, he can't
exchange the bishops:} (43... Bd6 44. Bxd6+ Kxd6 45. Kd4 b5 46. Bxb5 Nb7 47.
Bd3 $18 {remember White's 35th move!}) 44. Bxb5 Nb7 45. Kf3 Nd6 46. Bd3 Kf7 47.
Be3 a5 48. Bd2 a4 49. Bc2 Nc4 50. Bf4 Nb6 {Black is trying all resources but
with no success.} 51. Ke4 Bc5 52. Be5 Nc4 53. Bf6 Nd6+ 54. Kd3 a3 55. Kc3 {
Zugzwang!} Be3 (55... Ne8 56. Kc4 $18) 56. Kb4 Bc1 57. Kc5 Bf4 58. Bd3 Nc8 59.
Kc6 Nd6 60. Bd8 Nf5 61. Bxf5 gxf5 62. d6 Bd2 63. d7 Kg6 64. Kd5 1-0